Estatísticas para Supermercado

Clique aqui para jogar o quiz

Estatísticas Gerais

  • Esse quiz foi jogado 32 vezes
  • A pontuação média é 5 de 20

Estatísticas das Respostas

HintResposta% Correto
2.Arroz
83%
7.Açúcar
79%
14.Sal
66%
8.Leite
62%
3.Água
45%
9.Café
45%
18.Queijo
34%
15.Chocolate
31%
12.Massa
28%
6.Sabonete
24%
5.Milho
10%
17.Pizza
10%
11.Atum
7%
1.Gelado
7%
16.Batatas
3%
4.Ketchup
3%
19.Azeitonas
0%
20.Ervilhas
0%
13.Grão
0%
10.Uvas
0%

Distribuição das Pontuações

Percentil de Números Respondidos

Porcentagem de Pessoas com Cada Pontuação

Sua Pontuação Histórica

Você não jogou esse quiz